000 00498nam a2200229Ia 4500
008 210210b1951 xxu||||| |||| 00| 0 eng d
041 _aeng
082 _a531/142
100 _aVENKATACHARI (T V)
245 _aManual of physics Vol I Ed 15
250 _a
260 _aGuntur
_bEducational Publishers
_c1951
300 _avii,556
650 _aVol
650 _aphysics
650 _aManual
650 _aI
650 _aEd
650 _a15
690 _aPhysics
906 _a008343
999 _c126283
_d126283